|
|
|
|
| LEADER |
01935cas a2200253 a 4500 |
| 001 |
AALejournalIMF015478 |
| 008 |
230101c9999 xx r poo 0 0eng d |
| 020 |
|
|
|c 50.00 USD
|
| 020 |
|
|
|z 9781513519333
|
| 022 |
|
|
|a 1020-1343
|
| 040 |
|
|
|a BD-DhAAL
|c BD-DhAAL
|
| 110 |
2 |
|
|a International Monetary Fund.
|b Research Dept.
|
| 240 |
1 |
0 |
|a Perspectives de l'economie mondiale, octobre 2015.
|l French
|
| 245 |
1 |
0 |
|a Perspectives de l'economie mondiale, octobre 2015.
|
| 264 |
|
1 |
|a Washington, D.C. :
|b International Monetary Fund,
|c 2016.
|
| 300 |
|
|
|a 1 online resource (240 pages)
|
| 490 |
1 |
|
|a World Economic Outlook
|
| 500 |
|
|
|a <strong>Off-Campus Access:</strong> No User ID or Password Required
|
| 500 |
|
|
|a <strong>On-Campus Access:</strong> No User ID or Password Required
|
| 506 |
|
|
|a Electronic access restricted to authorized BRAC University faculty, staff and students
|
| 520 |
3 |
|
|a Cette edition examine un certain nombre de facteurs qui influent sur la croissance mondiale et se penche sur les perspectives de croissance dans les principaux pays et regions du monde. Elle analyse la reprise en cours a la suite de la crise financiere mondiale dans les pays avances et emergents, et evalue les risques haussiers et baissiers, dont ceux qui ont trait aux cours des produits de base, aux fluctuations des taux de change et a la volatilite des marches financiers. Un dossier special examine dans le detail les causes et consequences de la recente chute des prix de base ; les chapitres analytiques s'interessent aux effets sur la production de recettes exceptionnelles tirees des produits de base et aux retombees des fluctuations de change sur le commerce international.
|
| 538 |
|
|
|a Mode of access: Internet
|
| 830 |
|
0 |
|a World Economic Outlook; World Economic Outlook ;
|v No. 2015/002
|
| 856 |
4 |
0 |
|z Full text available on IMF
|u http://elibrary.imf.org/view/books/081/22792-9781513519333-fr/22792-9781513519333-fr-book.xml
|z IMF e-Library
|